| 000 | 00406nam a2200133Ia 4500 | ||
|---|---|---|---|
| 008 | 220217s9999 xx 000 0 und d | ||
| 245 | 0 | _aVulcanized rubbers- Determination of tension set under constant elongation at normal and high temperature. | |
| 260 | _c1975 | ||
| 500 | _aStandard number: ISO 2285 | ||
| 650 | _a Temperature | ||
| 650 | _a Tension set | ||
| 650 | _a Vulcanized rubber | ||
| 942 | _cST | ||
| 999 |
_c74081 _d74081 |
||